| 000 | 00897pam a2200229 a 4500 | ||
|---|---|---|---|
| 001 | 000007478 | ||
| 005 | 20200929154202.0 | ||
| 008 | 840814t19861984pr a b 001 0 spa | ||
| 010 | _a84019721 | ||
| 020 | _a0913480614 (pbk.) | ||
| 040 |
_aDO-SdBNP _cDLC _dDLC |
||
| 043 | _anwpr--- | ||
| 050 | 0 | 0 |
_aPQ7431 _b.M65 1986 |
| 100 | 2 |
_aMontes Huidobro, Matias. _920781 |
|
| 245 | 1 | 0 |
_aPersona, vida y mascara en el teatro puertorriqueno / _cMatias Montes Huidobro. |
| 260 |
_aSan Juan, P.R. : _bCentro de Estudios Avanzados de Puerto Rico y el Caribe : _bAteneo Puertorriqueno : _bUniversidad Interamericana : _bTinglado Puertorriqueno, _c1986, c1984. |
||
| 300 |
_axvi, 631 p. : _bill. ; _c23 cm. |
||
| 504 | _aIncludes bibliographical references and index. | ||
| 650 | 0 |
_aPuerto rican drama _y20th century _xHistory and criticism. _920782 |
|
| 910 | _aCatalogación por copia / LC | ||
| 082 | 0 | 0 |
_a862 _219 |
| 999 |
_c7259 _d7259 |
||